Geographical distribution of the black rat, rattus rattus (Mammalia: Rodentia), in the territory of Czechoslovakia. /

Uložené v:
Podrobná bibliografia
Hlavný autor: Hanzal, Vladimír (Author)
Médium: Kniha
Jazyk:English
Vydané: Plzeň : Západočeské muzeum, 1992
Vydanie:1. vyd.
Edícia:Folia Musei rerum naturalium Bohemiae occidentalis Zoologica 36.
Témy:
ISBN: 8085125471 (brož.)
Fyzický popis: 20 s.
Tagy: Pridať tag
Žiadne tagy, Buďte prvý kto otaguje tento záznam!

MARC

LEADER 00000nam a2200000 a 4500
001 000072017
003 SVKK
005 20010430000000.0
008 010314s1992 cs e engo
020 |a 8085125471 (brož.) 
040 |a SVKKK  |b slo  |c SVKKK  |e AACR2 
041 0 |a eng 
044 |a cs  |c CS 
080 |a 599.323.4:591.951(437)  |2 1997 
100 1 |a Hanzal, Vladimír  |4 aut 
245 1 0 |a Geographical distribution of the black rat, rattus rattus (Mammalia: Rodentia), in the territory of Czechoslovakia. /  |c Vladimír Hanzal 
250 |a 1. vyd. 
260 |a Plzeň :  |b Západočeské muzeum,  |c 1992 
300 |a 20 s. 
440 0 |a Folia Musei rerum naturalium Bohemiae occidentalis  |p Zoologica  |v 36. 
653 0 |a zoológia  |2 SVKKKPH 
653 0 |a krysa obecná  |2 SVKKKPH 
653 0 |a rozšírenie  |2 SVKKKPH 
653 0 |a Česko-Slovensko  |2 SVKKKPH 
653 0 |a r. 1945-1991  |2 SVKKKPH 
655 7 |a príručky  |2 SVKKKPH 
910 |a svkkk 
919 |a 80-85125-47-1 
974 |a MI  |d 20010314 
974 |a PA  |d 20010314 
974 |a PA  |d 20010430 
998 |a BK 
090 |g SCKHL  |k Sklad Pribinova 2. posch.  |a III.160664  |j 862982  |i 2720628090  |s Absenčne